Energy Efficiency Commitment consultation (Record no. 117392)
[ view plain ]
| 000 -LEADER | |
|---|---|
| fixed length control field | 01367cam a2200253 4500 |
| 001 - CONTROL NUMBER | |
| control field | WB4020-05 |
| 008 - FIXED-LENGTH DATA ELEMENTS--GENERAL INFORMATION | |
| fixed length control field | 040524n2004 000 0 eng u |
| 035 ## - SYSTEM CONTROL NUMBER | |
| System control number | (Sirsi) u126275 |
| 245 ## - TITLE STATEMENT | |
| Title | Energy Efficiency Commitment consultation |
| 260 ## - PUBLICATION, DISTRIBUTION, ETC. | |
| Date of publication, distribution, etc. | 2004 |
| 490 ## - SERIES STATEMENT | |
| Series statement | DEFRA News Release |
| Volume/sequential designation | (194/04) 21 May 2004 (2) |
| 520 ## - SUMMARY, ETC. | |
| Summary, etc. | DEFRA is consulting on the government's proposals to extend the Energy Efficiency Commitment (EEC) post-2005. The EEC's next phase running from 1 April 2005 for six years will require electricity and gas suppliers to provide increased help to their consumers to save energy. The EEC is key to the government's carbon abatement objectives in the household sector and also contributes to the alleviation of fuel poverty by requiring suppliers to focus about half their energy efficiency activity on low-income consumers. The EEC consultation is available at http://www.defra.gov.uk/corporate/consult/eec/inde x.htm. The response deadline is 13 August 2004. http://www.defra.gov.uk/news/2004/040521a.htm |
| 590 ## - LOCAL NOTE (RLIN) | |
| Local note | WB |
| 590 ## - LOCAL NOTE (RLIN) | |
| Local note | WB |
| 600 ## - SUBJECT ADDED ENTRY--PERSONAL NAME | |
| Personal name | LOFT INSULATION |
| 650 ## - SUBJECT ADDED ENTRY--TOPICAL TERM | |
| Topical term or geographic name entry element | ENERGY EFFICIENCY COMMITMENT |
| 650 ## - SUBJECT ADDED ENTRY--TOPICAL TERM | |
| Topical term or geographic name entry element | CAVITY WALL INSULATION |
| 650 ## - SUBJECT ADDED ENTRY--TOPICAL TERM | |
| Topical term or geographic name entry element | ENERGY SAVINGS |
| 650 ## - SUBJECT ADDED ENTRY--TOPICAL TERM | |
| Topical term or geographic name entry element | ELECTRICITY SUPPLY INDUSTRY |
| 650 ## - SUBJECT ADDED ENTRY--TOPICAL TERM | |
| Topical term or geographic name entry element | GAS SUPPLIERS |
| 650 ## - SUBJECT ADDED ENTRY--TOPICAL TERM | |
| Topical term or geographic name entry element | CARBON ABATEMENT |
| 690 ## - LOCAL SUBJECT ADDED ENTRY--TOPICAL TERM (OCLC, RLIN) | |
| Topical term or geographic name as entry element | ENERGY-EFFICIENCY |
| 942 ## - ADDED ENTRY ELEMENTS (KOHA) | |
| Suppress in OPAC | 0 |
| Withdrawn status | Lost status | Source of classification or shelving scheme | Damaged status | Not for loan | Home library | Current library | Shelving location | Date acquired | Total Checkouts | Full call number | Barcode | Date last seen | Copy number | Price effective from | Koha item type |
|---|---|---|---|---|---|---|---|---|---|---|---|---|---|---|---|
| Dewey Decimal Classification | London | London | News article | 24/05/2004 | WB4020-05 | 126275-1001 | 06/08/2019 | 1 | 06/08/2019 | News article |